skbl

Dr Suryya Kumar Bhuyan Library Web-OPAC
ডঃ সূৰ্য্য
কুমাৰ ভূঞা পুথিভঁৰাল ৱেব-অ'পেক

All Research Scholars are advised to clear the annual library fees to continue using Library Resources, Remote Access, Plagiarism Test and Library Clearance.

Cotton University Book Fair 2026

Studies in the History of International Trade / (Record no. 10330)

MARC details
000 -LEADER
fixed length control field 00705nam a2200265Ia 4500
001 - CONTROL NUMBER
control field 10343
005 - DATE AND TIME OF LATEST TRANSACTION
control field 20240113235217.0
007 - PHYSICAL DESCRIPTION FIXED FIELD--GENERAL INFORMATION
fixed length control field ta
008 - FIXED-LENGTH DATA ELEMENTS--GENERAL INFORMATION
fixed length control field 050802s g b000 u eng u
040 ## - CATALOGING SOURCE
Original cataloging agency Cotton College,Assam
041 ## - LANGUAGE CODE
Language code of text/sound track or separate title eng
082 ## - DEWEY DECIMAL CLASSIFICATION NUMBER
Classification number 382
Item number V 751 St
100 ## - MAIN ENTRY--PERSONAL NAME
Personal name Viner, Jacob .
245 #0 - TITLE STATEMENT
Title Studies in the History of International Trade /
Statement of responsibility, etc. Jacob Viner.
Medium Textual Documents
250 ## - EDITION STATEMENT
Edition statement 1st ed. /
260 ## - PUBLICATION, DISTRIBUTION, ETC.
Place of publication, distribution, etc. London :
Name of publisher, distributor, etc. George Allen and Unwin Ltd ,
Date of publication, distribution, etc. nd.
300 ## - PHYSICAL DESCRIPTION
Extent 650p. ;
Dimensions 22cm.
653 ## - INDEX TERM--UNCONTROLLED
Uncontrolled term Economics
653 ## - INDEX TERM--UNCONTROLLED
Uncontrolled term Trade-International
653 ## - INDEX TERM--UNCONTROLLED
Uncontrolled term Trade-History
653 ## - INDEX TERM--UNCONTROLLED
Uncontrolled term MS-Economics
942 ## - ADDED ENTRY ELEMENTS (KOHA)
Source of classification or shelving scheme Dewey Decimal Classification
Koha item type Books
Holdings
Withdrawn status Lost status Damaged status Not for loan Collection Home library Current library Date acquired Coded location qualifier Total checkouts Full call number Barcode Date last seen Copy number Price effective from Koha item type
          Dr. Suryya Kumar Bhuyan Library Dr. Suryya Kumar Bhuyan Library 01/02/2012 00000   382 V 751 St 69-x 13/01/2024 1 01/02/2012 Books

Designed and Maintained by Team SKBL
©1901-2026

Powered by Koha